000 00573nam a2200181Ia 4500
003 GCL
008 140319s9999 xx 000 0 ara d
040 _aGCL /
_cGCL
082 0 4 _aد
_b150.195
_bغ ف
100 1 _aغريستون .رالف
245 1 0 _aفن التحليل النفسي وممارستة /
_cغريستون .رالف
260 _a[S.N] :
_bدار الافاق الجديدة ،
_c1986
300 _a533
490 _aالجغرافيا الاسلامية
_v0
650 0 4 _aعلم النفس
650 0 4 _aالتحليل النفسى
942 _2ddc
_cCF
999 _c27323
_d27323